Library of the University of Algiers 3
Ibrahim Sultan Cheibout
شعار جامعة الجزائر 3
مكتبة جامعة الجزائر 3
إبراهيم سلطان شيبوط

قضايا اقتصادية معاصرة : (رقم التسجيلة. 44215)

تفاصيل مارك
000 -LEADER
fixed length control field 01766nam a2200241Ia 4500
003 - CONTROL NUMBER IDENTIFIER
control field Ost
005 - DATE AND TIME OF LATEST TRANSACTION
control field 20260507075356.0
008 - FIXED-LENGTH DATA ELEMENTS--GENERAL INFORMATION
fixed length control field 260507s9999||||xx |||||||||||||| ||und||
020 ## - INTERNATIONAL STANDARD BOOK NUMBER
International Standard Book Number 62393399579
040 ## - CATALOGING SOURCE
Transcribing agency fsecg
041 ## - LANGUAGE CODE
Language code of text/sound track or separate title ara
082 ## - DEWEY DECIMAL CLASSIFICATION NUMBER
Classification number 330
100 ## - MAIN ENTRY--PERSONAL NAME
Personal name عبد السلام، مصطفى محمود
Relator term مؤلف
245 #0 - TITLE STATEMENT
Title قضايا اقتصادية معاصرة :
Remainder of title رؤية من منظور اسلامي /
Statement of responsibility, etc. مصطفى محمود عبد السلام
260 ## - PUBLICATION, DISTRIBUTION, ETC.
Place of publication, distribution, etc. عمان:
Name of publisher, distributor, etc. الوراق للنشر والتوزيع,
Date of publication, distribution, etc. 2011
300 ## - PHYSICAL DESCRIPTION
Extent 447 صفحة؛
Other physical details إيضاحات ؛
Dimensions 25 سم
520 ## - SUMMARY, ETC.
Summary, etc. تضييق الفجوة الغذائية في العالم الإسلامي- تفعيل دور الإستصناع لدى البنوك الإسلامية- منظمات العمل الأهلي ودورها في تخفيف من حدة الفقر - الإنعكاسات السلبية للعولمة الإقتصادية على الفقر في العالم الإسلامي وسبل المواجهة- أثر الوقف على الإستقرار الإقتصادي- دور الجمعيات الخيرية في تأهيل المعاقين لإدماجهم في المجتمع- تقويم مسيرة البحث العلمي في مجال التنمية الإسلامية- الإنحرافات الشرعية في بعض البنوك الاسلامية- دور تقنيات الإتصالات في دعم التنمية الإجتماعية والإقتصادية في الوطن العربي- التكافل الإجتماعي في الإسلام
653 ## - INDEX TERM--UNCONTROLLED
Uncontrolled term الإقتصاد
653 ## - INDEX TERM--UNCONTROLLED
Uncontrolled term الإقتصاد الإسلامي
653 ## - INDEX TERM--UNCONTROLLED
Uncontrolled term السياسة الإقتصادية
653 ## - INDEX TERM--UNCONTROLLED
Uncontrolled term بنوك- الفقه الإسلامي
942 ## - ADDED ENTRY ELEMENTS (KOHA)
Koha item type كتب
المقتنيات
Withdrawn status Lost status Source of classification or shelving scheme Damaged status Not for loan Home library Current library Date acquired Serial enumeration / chronology Inventory number Total checkouts Full call number Barcode Date last seen Price effective from Koha item type
    Dewey Decimal Classification   NOT LOAN / إعارة داخلية مكتبة كلية العلوم الإقتصادية والعلوم التجارية وعلوم التسيير مكتبة كلية العلوم الإقتصادية والعلوم التجارية وعلوم التسيير 07/05/2026 الطابق الأرضي 25310   أ/4273ن1 25310 07/05/2026 07/05/2026 كتب
    Dewey Decimal Classification   Available مكتبة كلية العلوم الإقتصادية والعلوم التجارية وعلوم التسيير مكتبة كلية العلوم الإقتصادية والعلوم التجارية وعلوم التسيير 07/05/2026 الطابق الأرضي 25311   أ/4273ن2 25311 07/05/2026 07/05/2026 كتب
    Dewey Decimal Classification   Available مكتبة كلية العلوم الإقتصادية والعلوم التجارية وعلوم التسيير مكتبة كلية العلوم الإقتصادية والعلوم التجارية وعلوم التسيير 07/05/2026 الطابق الثاني 25312   أ/4273ن3 25312 07/05/2026 07/05/2026 كتب

موارد الويب المفتوحة


© University of Algiers 3 All Rights Reserved
|
Implemented by LECHELAH Riad